000
00337nam a2200145Ia 4500
100
_a
Traister/ Robert/ J.
942
_c
BK
654
_a
diodes
245
_a
Experimenter''''s guide to solid state diodes
260
_b
prentice hall
_a
New Jersey
_c
1984
082
_a
621.3815
_b
Tra
300
_a
176
546
_a
ENGLISH
999
_c
29708
_d
29708